South Africa's magnifying glass : a profile of Gauteng province (Record no. 293424)
[ view plain ]
| 000 -LEADER | |
|---|---|
| fixed length control field | 00309nam a2200097Ia 4500 |
| 082 ## - DEWEY DECIMAL CLASSIFICATION NUMBER | |
| Classification number | ST 613.7 GAMB |
| 008 - FIXED-LENGTH DATA ELEMENTS--GENERAL INFORMATION | |
| fixed length control field | 210817s9999 xx 000 0 und d |
| 100 ## - MAIN ENTRY--PERSONAL NAME | |
| Personal name | Kok, Pieter Pretoria, South Africa, 1998 |
| 9 (RLIN) | 81822 |
| 245 #0 - TITLE STATEMENT | |
| Title | South Africa's magnifying glass : a profile of Gauteng province |
| 942 ## - ADDED ENTRY ELEMENTS | |
| item type | Books |
| Withdrawn status | Lost status | Damaged status | Not for loan | Home library | Current library | Date acquired | Cost, normal purchase price | Total Checkouts | Barcode | Date last seen | Price effective from | item type |
|---|---|---|---|---|---|---|---|---|---|---|---|---|
| Matsulu | Matsulu | 19.08.2021 | 68.00 | 33228021557192 | 19.08.2021 | 19.08.2021 | Books |